Tap the mall's nervous system (Record no. 71616)

MARC details
000 -LEADER
fixed length control field 00955cam a2200229 4500
001 - CONTROL NUMBER
control field ABS66139
008 - FIXED-LENGTH DATA ELEMENTS--GENERAL INFORMATION
fixed length control field 021121n2002 000 0 eng u
035 ## - SYSTEM CONTROL NUMBER
System control number (Sirsi) u120543
100 ## - MAIN ENTRY--PERSONAL NAME
Personal name Osborne, H.
245 ## - TITLE STATEMENT
Title Tap the mall's nervous system
260 ## - PUBLICATION, DISTRIBUTION, ETC.
Date of publication, distribution, etc. 2002
490 ## - SERIES STATEMENT
Series statement Estates Gazette
Volume/sequential designation (0246) 16 November 2002, 186(1)
520 ## - SUMMARY, ETC.
Summary, etc. Examines a new system Comgenic which is being used in Meadowhall shopping centre which improves communication between retailers, consumers and shopping centre managers. It works as an intranet and provides updated information for customers using external sources. The most popular uses for the system at the moment have been for marketing purposes and security information.
590 ## - LOCAL NOTE (RLIN)
Local note ABS
650 ## - SUBJECT ADDED ENTRY--TOPICAL TERM
Topical term or geographic name entry element COMGENIC
650 ## - SUBJECT ADDED ENTRY--TOPICAL TERM
Topical term or geographic name entry element MEADOWHALL SHOPPING CENTRE
650 ## - SUBJECT ADDED ENTRY--TOPICAL TERM
Topical term or geographic name entry element RETAILERS
650 ## - SUBJECT ADDED ENTRY--TOPICAL TERM
Topical term or geographic name entry element CONSUMERS
650 ## - SUBJECT ADDED ENTRY--TOPICAL TERM
Topical term or geographic name entry element SECURITY
690 ## - LOCAL SUBJECT ADDED ENTRY--TOPICAL TERM (OCLC, RLIN)
Topical term or geographic name as entry element PROPERTY-COMMERCIAL PROPERTY-RETAIL PROPERTY
942 ## - ADDED ENTRY ELEMENTS (KOHA)
Suppress in OPAC 0
Holdings
Withdrawn status Lost status Source of classification or shelving scheme Damaged status Not for loan Home library Current library Shelving location Date acquired Total Checkouts Full call number Barcode Date last seen Copy number Price effective from Koha item type
    Dewey Decimal Classification     London London Journal article 21/11/2002   ABS66139 120543-1001 06/08/2019 1 06/08/2019 Journal article